Entry Corporate Name
Number of records used in: 1
001 - CONTROL NUMBER
003 - CONTROL NUMBER IDENTIFIER
005 - DATE AND TIME OF LATEST TRANSACTION
- control field:
20200613131124.0
008 - FIXED-LENGTH DATA ELEMENTS
- fixed length control field:
200613|| aca||aabn | a|a d
040 ## - CATALOGING SOURCE
- Original cataloging agency:
OSt
- Transcribing agency:
OSt
110 ## - HEADING--CORPORATE NAME
- Corporate name or jurisdiction name as entry element:
ALL INDIA REPORTER
670 ## - SOURCE DATA FOUND
- Source citation:
Work cat.: (OSt)7129: ALL INDIA REPORTER , ALL INDIA REPORTER ,[1981] [VOL-68] BOMBAY SECTION